<?xml version="1.0" encoding="UTF-8"?>
<record
    xmlns:xsi="http://www.w3.org/2001/XMLSchema-instance"
    xsi:schemaLocation="http://www.loc.gov/MARC21/slim http://www.loc.gov/standards/marcxml/schema/MARC21slim.xsd"
    xmlns="http://www.loc.gov/MARC21/slim">

  <leader>00944cam a2200253a 44500</leader>
  <controlfield tag="003">OSt</controlfield>
  <controlfield tag="005">20150408113847.0</controlfield>
  <controlfield tag="008">980312s1979 le g 00010dara d</controlfield>
  <datafield tag="040" ind1=" " ind2=" ">
    <subfield code="a">mu</subfield>
    <subfield code="b">ara</subfield>
    <subfield code="c">mb</subfield>
  </datafield>
  <datafield tag="041" ind1=" " ind2=" ">
    <subfield code="a">&#x639;&#x631;&#x628;&#x64A;</subfield>
  </datafield>
  <datafield tag="043" ind1=" " ind2=" ">
    <subfield code="a">a-sy---</subfield>
  </datafield>
  <datafield tag="072" ind1=" " ind2=" ">
    <subfield code="a">112</subfield>
    <subfield code="x">&#x633;&#x648;&#x631;&#x64A;&#x629;</subfield>
  </datafield>
  <datafield tag="082" ind1="0" ind2="4">
    <subfield code="a">956.531 </subfield>
    <subfield code="2">21</subfield>
    <subfield code="b">&#x639; &#x639; &#x62A;</subfield>
  </datafield>
  <datafield tag="100" ind1="1" ind2=" ">
    <subfield code="a">&#x627;&#x628;&#x646; &#x639;&#x633;&#x627;&#x643;&#x631;&#x60C; &#x639;&#x644;&#x64A; &#x628;&#x646; &#x627;&#x644;&#x62D;&#x633;&#x646; &#x628;&#x646; &#x647;&#x628;&#x629; &#x627;&#x644;&#x644;&#x647;&#x60C;</subfield>
    <subfield code="d">499-571 &#x647;&#x640;.</subfield>
    <subfield code="9">246</subfield>
  </datafield>
  <datafield tag="245" ind1="1" ind2="0">
    <subfield code="a"> &#x62A;&#x627;&#x631;&#x64A;&#x62E; &#x62F;&#x645;&#x634;&#x642; &#x627;&#x644;&#x643;&#x628;&#x64A;&#x631; /</subfield>
    <subfield code="c">&#x639;&#x644;&#x64A; &#x628;&#x646; &#x627;&#x644;&#x62D;&#x633;&#x646; &#x628;&#x646; &#x647;&#x628;&#x629; &#x627;&#x644;&#x644;&#x647; &#x628;&#x646; &#x639;&#x633;&#x627;&#x643;&#x631; &#x61B; &#x62A;&#x62D;&#x642;&#x64A;&#x642; &#x639;&#x644;&#x64A; &#x639;&#x627;&#x634;&#x648;&#x631; &#x627;&#x644;&#x62C;&#x646;&#x648;&#x628;&#x64A;. </subfield>
  </datafield>
  <datafield tag="250" ind1=" " ind2=" ">
    <subfield code="a">&#x637;. 1.</subfield>
  </datafield>
  <datafield tag="260" ind1=" " ind2=" ">
    <subfield code="a">&#x628;&#x64A;&#x631;&#x648;&#x62A;</subfield>
    <subfield code="b">&#x62F;&#x627;&#x631; &#x627;&#x62D;&#x64A;&#x627;&#x621; &#x627;&#x644;&#x62A;&#x631;&#x627;&#x62B; &#x627;&#x644;&#x639;&#x631;&#x628;&#x64A;</subfield>
    <subfield code="c">2001</subfield>
  </datafield>
  <datafield tag="300" ind1=" " ind2=" ">
    <subfield code="a">39 &#x645;&#x62C;. &#x61B;</subfield>
    <subfield code="c">24 &#x633;&#x645;.</subfield>
  </datafield>
  <datafield tag="650" ind1=" " ind2=" ">
    <subfield code="a">&#x627;&#x644;&#x62A;&#x631;&#x627;&#x62C;&#x645;</subfield>
    <subfield code="2">aucsh. 7</subfield>
  </datafield>
  <datafield tag="651" ind1=" " ind2=" ">
    <subfield code="a">&#x62F;&#x645;&#x634;&#x642; (&#x633;&#x648;&#x631;&#x64A;&#x627;)</subfield>
    <subfield code="v">&#x62A;&#x631;&#x627;&#x62C;&#x645;</subfield>
    <subfield code="2">aucsh.0 </subfield>
    <subfield code="9">1049</subfield>
  </datafield>
  <datafield tag="700" ind1=" " ind2=" ">
    <subfield code="a">&#x627;&#x644;&#x62C;&#x646;&#x648;&#x628;&#x64A; &#x60C; &#x639;&#x644;&#x64A; &#x639;&#x627;&#x634;&#x648;&#x631;</subfield>
    <subfield code="e">&#x645;&#x62D;&#x642;&#x642;</subfield>
    <subfield code="9">1050</subfield>
  </datafield>
  <datafield tag="740" ind1=" " ind2=" ">
    <subfield code="a">&#x62A;&#x627;&#x631;&#x64A;&#x62E; &#x62F;&#x645;&#x634;&#x642; &#x627;&#x644;&#x643;&#x628;&#x64A;&#x631;.  </subfield>
  </datafield>
  <datafield tag="942" ind1=" " ind2=" ">
    <subfield code="2">ddc</subfield>
    <subfield code="c">REF</subfield>
  </datafield>
  <datafield tag="999" ind1=" " ind2=" ">
    <subfield code="c">9940</subfield>
    <subfield code="d">244440</subfield>
  </datafield>
  <datafield tag="952" ind1=" " ind2=" ">
    <subfield code="1">0</subfield>
    <subfield code="2">2013-03-10</subfield>
    <subfield code="4">0</subfield>
    <subfield code="7">0</subfield>
    <subfield code="a">956.531 &#x62C;25 &#x639; &#x639; &#x62A;</subfield>
    <subfield code="d">2011-10-17</subfield>
    <subfield code="h">IC</subfield>
    <subfield code="i">00028049</subfield>
    <subfield code="m">IC</subfield>
    <subfield code="r">2013-03-10 00:00:00</subfield>
    <subfield code="t">REF</subfield>
    <subfield code="w">ddc</subfield>
    <subfield code="y">0</subfield>
  </datafield>
  <datafield tag="952" ind1=" " ind2=" ">
    <subfield code="1">0</subfield>
    <subfield code="2">2013-03-10</subfield>
    <subfield code="4">0</subfield>
    <subfield code="7">0</subfield>
    <subfield code="a">956.531 &#x62C;26 &#x639; &#x639; &#x62A;</subfield>
    <subfield code="d">2011-10-17</subfield>
    <subfield code="h">IC</subfield>
    <subfield code="i">00028057</subfield>
    <subfield code="m">IC</subfield>
    <subfield code="r">2013-03-10 00:00:00</subfield>
    <subfield code="t">REF</subfield>
    <subfield code="w">ddc</subfield>
    <subfield code="y">0</subfield>
  </datafield>
  <datafield tag="952" ind1=" " ind2=" ">
    <subfield code="1">0</subfield>
    <subfield code="2">2013-03-10</subfield>
    <subfield code="4">0</subfield>
    <subfield code="7">0</subfield>
    <subfield code="a">956.531 &#x62C;27 &#x639; &#x639; &#x62A;</subfield>
    <subfield code="d">2011-10-17</subfield>
    <subfield code="h">IC</subfield>
    <subfield code="i">00028058</subfield>
    <subfield code="m">IC</subfield>
    <subfield code="r">2013-03-10 00:00:00</subfield>
    <subfield code="t">REF</subfield>
    <subfield code="w">ddc</subfield>
    <subfield code="y">0</subfield>
  </datafield>
  <datafield tag="952" ind1=" " ind2=" ">
    <subfield code="1">0</subfield>
    <subfield code="2">2013-03-10</subfield>
    <subfield code="4">0</subfield>
    <subfield code="7">0</subfield>
    <subfield code="a">956.531 &#x62C;28 &#x639; &#x639; &#x62A;</subfield>
    <subfield code="d">2011-10-17</subfield>
    <subfield code="h">IC</subfield>
    <subfield code="i">00028070</subfield>
    <subfield code="m">IC</subfield>
    <subfield code="r">2013-03-10 00:00:00</subfield>
    <subfield code="t">REF</subfield>
    <subfield code="w">ddc</subfield>
    <subfield code="y">0</subfield>
  </datafield>
  <datafield tag="952" ind1=" " ind2=" ">
    <subfield code="1">0</subfield>
    <subfield code="2">2013-03-10</subfield>
    <subfield code="4">0</subfield>
    <subfield code="7">0</subfield>
    <subfield code="a">956.531 &#x62C;29 &#x639; &#x639; &#x62A;</subfield>
    <subfield code="d">2011-10-17</subfield>
    <subfield code="h">IC</subfield>
    <subfield code="i">00028116</subfield>
    <subfield code="m">IC</subfield>
    <subfield code="r">2013-03-10 00:00:00</subfield>
    <subfield code="t">REF</subfield>
    <subfield code="w">ddc</subfield>
    <subfield code="y">0</subfield>
  </datafield>
  <datafield tag="952" ind1=" " ind2=" ">
    <subfield code="1">0</subfield>
    <subfield code="2">2013-03-10</subfield>
    <subfield code="4">0</subfield>
    <subfield code="7">0</subfield>
    <subfield code="a">956.531 &#x62C;30&#x639; &#x639; &#x62A;</subfield>
    <subfield code="d">2011-10-17</subfield>
    <subfield code="h">IC</subfield>
    <subfield code="i">00028050</subfield>
    <subfield code="m">IC</subfield>
    <subfield code="r">2013-03-10 00:00:00</subfield>
    <subfield code="t">REF</subfield>
    <subfield code="w">ddc</subfield>
    <subfield code="y">0</subfield>
  </datafield>
  <datafield tag="952" ind1=" " ind2=" ">
    <subfield code="1">0</subfield>
    <subfield code="2">2013-03-10</subfield>
    <subfield code="4">0</subfield>
    <subfield code="7">0</subfield>
    <subfield code="a">956.531 &#x62C;31&#x639; &#x639; &#x62A;</subfield>
    <subfield code="d">2011-10-17</subfield>
    <subfield code="h">SHF</subfield>
    <subfield code="m">SHF</subfield>
    <subfield code="r">2013-03-10 00:00:00</subfield>
    <subfield code="t">REF</subfield>
    <subfield code="w">ddc</subfield>
    <subfield code="y">0</subfield>
  </datafield>
  <datafield tag="952" ind1=" " ind2=" ">
    <subfield code="1">0</subfield>
    <subfield code="2">2013-03-10</subfield>
    <subfield code="4">0</subfield>
    <subfield code="7">0</subfield>
    <subfield code="a">956.531 &#x62C;32&#x639; &#x639; &#x62A;</subfield>
    <subfield code="d">2011-10-17</subfield>
    <subfield code="h">IC</subfield>
    <subfield code="i">00028065</subfield>
    <subfield code="m">IC</subfield>
    <subfield code="r">2013-03-10 00:00:00</subfield>
    <subfield code="t">REF</subfield>
    <subfield code="w">ddc</subfield>
    <subfield code="y">0</subfield>
  </datafield>
  <datafield tag="952" ind1=" " ind2=" ">
    <subfield code="1">0</subfield>
    <subfield code="2">2013-03-10</subfield>
    <subfield code="4">0</subfield>
    <subfield code="7">0</subfield>
    <subfield code="a">956.531 &#x62C;33&#x639; &#x639; &#x62A;</subfield>
    <subfield code="d">2011-10-17</subfield>
    <subfield code="h">IC</subfield>
    <subfield code="i">00028107</subfield>
    <subfield code="m">IC</subfield>
    <subfield code="r">2013-03-10 00:00:00</subfield>
    <subfield code="t">REF</subfield>
    <subfield code="w">ddc</subfield>
    <subfield code="y">0</subfield>
  </datafield>
  <datafield tag="952" ind1=" " ind2=" ">
    <subfield code="1">0</subfield>
    <subfield code="2">2013-03-10</subfield>
    <subfield code="4">0</subfield>
    <subfield code="7">0</subfield>
    <subfield code="a">956.531 &#x62C;34&#x639; &#x639; &#x62A;</subfield>
    <subfield code="d">2011-10-17</subfield>
    <subfield code="h">IC</subfield>
    <subfield code="i">00028048</subfield>
    <subfield code="m">IC</subfield>
    <subfield code="r">2013-03-10 00:00:00</subfield>
    <subfield code="t">REF</subfield>
    <subfield code="w">ddc</subfield>
    <subfield code="y">0</subfield>
  </datafield>
  <datafield tag="952" ind1=" " ind2=" ">
    <subfield code="1">0</subfield>
    <subfield code="2">2013-03-10</subfield>
    <subfield code="4">0</subfield>
    <subfield code="7">0</subfield>
    <subfield code="a">956.531 &#x62C;35&#x639; &#x639; &#x62A;</subfield>
    <subfield code="d">2011-10-17</subfield>
    <subfield code="h">IC</subfield>
    <subfield code="i">00028067</subfield>
    <subfield code="m">IC</subfield>
    <subfield code="r">2013-03-10 00:00:00</subfield>
    <subfield code="t">REF</subfield>
    <subfield code="w">ddc</subfield>
    <subfield code="y">0</subfield>
  </datafield>
  <datafield tag="952" ind1=" " ind2=" ">
    <subfield code="1">0</subfield>
    <subfield code="2">2013-03-10</subfield>
    <subfield code="4">0</subfield>
    <subfield code="7">0</subfield>
    <subfield code="a">956.531 &#x62C;36&#x639; &#x639; &#x62A;</subfield>
    <subfield code="d">2011-10-17</subfield>
    <subfield code="h">IC</subfield>
    <subfield code="i">00028021</subfield>
    <subfield code="m">IC</subfield>
    <subfield code="r">2013-03-10 00:00:00</subfield>
    <subfield code="t">REF</subfield>
    <subfield code="w">ddc</subfield>
    <subfield code="y">0</subfield>
  </datafield>
  <datafield tag="952" ind1=" " ind2=" ">
    <subfield code="1">0</subfield>
    <subfield code="2">2013-03-10</subfield>
    <subfield code="4">0</subfield>
    <subfield code="7">0</subfield>
    <subfield code="a">956.531 &#x62C;37&#x639; &#x639; &#x62A;</subfield>
    <subfield code="d">2011-10-17</subfield>
    <subfield code="h">IC</subfield>
    <subfield code="i">00028054</subfield>
    <subfield code="m">IC</subfield>
    <subfield code="r">2013-03-10 00:00:00</subfield>
    <subfield code="t">REF</subfield>
    <subfield code="w">ddc</subfield>
    <subfield code="y">0</subfield>
  </datafield>
  <datafield tag="952" ind1=" " ind2=" ">
    <subfield code="1">0</subfield>
    <subfield code="2">2013-03-10</subfield>
    <subfield code="4">0</subfield>
    <subfield code="7">0</subfield>
    <subfield code="a">956.531 &#x62C;38&#x639; &#x639; &#x62A;</subfield>
    <subfield code="d">2011-10-17</subfield>
    <subfield code="h">IC</subfield>
    <subfield code="i">00028068</subfield>
    <subfield code="m">IC</subfield>
    <subfield code="r">2013-03-10 00:00:00</subfield>
    <subfield code="t">REF</subfield>
    <subfield code="w">ddc</subfield>
    <subfield code="y">0</subfield>
  </datafield>
  <datafield tag="952" ind1=" " ind2=" ">
    <subfield code="1">0</subfield>
    <subfield code="2">2013-03-10</subfield>
    <subfield code="4">0</subfield>
    <subfield code="7">0</subfield>
    <subfield code="a">956.531 &#x62C;39&#x639; &#x639; &#x62A;</subfield>
    <subfield code="d">2011-10-17</subfield>
    <subfield code="h">SHF</subfield>
    <subfield code="m">SHF</subfield>
    <subfield code="r">2013-03-10 00:00:00</subfield>
    <subfield code="t">REF</subfield>
    <subfield code="w">ddc</subfield>
    <subfield code="y">0</subfield>
  </datafield>
</record>
